| 000 | 00391nam a2200145Ia 4500 | ||
|---|---|---|---|
| 008 | 230917s9999||||xx |||||||||||||| ||und|| | ||
| 040 |
_e71478 _aMAIN |
||
| 041 | _aEnglish | ||
| 082 | _a942 S44S | ||
| 100 | _aStephen, Leslie | ||
| 245 | 0 | _aSelected writings in British intellectual history | |
| 260 |
_aChicago _bUniversity of Chicago Press _c1979 |
||
| 300 | _axxx, 297 p. | ||
| 942 | _cBK | ||
| 999 |
_c211356 _d211356 |
||